Normal view
MARC view
- MICROCONTROLLERS-INTRODUCTION
Entry Topical Term
001 - CONTROL NUMBER
- control field: 63962
003 - CONTROL NUMBER IDENTIFIER
- control field: NUST
005 - DATE AND TIME OF LATEST TRANSACTION
- control field: 20210628203214.0
008 - FIXED-LENGTH DATA ELEMENTS
- fixed length control field: 210628|| aca||aabn | a|a d
040 ## - CATALOGING SOURCE
- Original cataloging agency: NUST
- Transcribing agency: NUST
150 ## - HEADING--TOPICAL TERM
- Topical term or geographic name entry element: MICROCONTROLLERS-INTRODUCTION
670 ## - SOURCE DATA FOUND
- Source citation: Work cat.: (NUST): Lipovski, G.Jack 63961, Introduction to microcontrollers, architecture,programing and interfacing for the freescale 68hc12, 2007
